000
00226nam a22000857a 4500
008
160921b xxu||||| |||| 00| 0 eng d
100
_9
687
_a
CBSE
245
_a
APC Digest English Core-XII
260
_a
New Delhi
_b
APC Publications
_c
2011
999
_c
3344
_d
3344